Logo BPK

Biblioteka

Politechniki Koszalińskiej

Das Fräulein von Scuderi : (Rekord nr 45954)

Szczegóły MARC
000 -ETYKIETA REKORDU
podpole kontrolne o stałej długości 00897nam a2200241 i 4500
001 - NUMER KONTROLNY REKORDU
pole kontrolne bg
020 ## - MIĘDZYNARODOWY ZNORMALIZOWANY NUMER KSIĄŻKI - ISBN
ISBN 3458321101
040 ## - ŹRÓDŁO KATALOGOWANIA
Instytucja, która utworzyła rekord BPK
041 0# - KOD JĘZYKA
Kod języka tekstu ger
080 ## - UNIWERSALNA KLASYFIKACJA DZIESIĘTNA - UKD
UKD 821.112.2-3
920 ## - Międzynarodowy znormalizowany numer książki – ISBN
ISBN 3-458-32110-1
008 - POLE O STAŁEJ DŁUGOŚCI - DANE KONTROLNE
podpole kontrolne o stałej długości s pl f |000 0 pol
100 1# - NAZWA OSOBOWA
Nazwa osobowa HOFFMANN, Ernst Theodor Amadeus
Daty związane z nazwą (1776-1822)
245 10 - TYTUŁ/ODPOWIEDZIALNOŚĆ
Tytuł Das Fräulein von Scuderi :
Ciąg dalszy tytułu Erzählung aus dem Zeitalter Ludwig des Vierzehnten /
Pozostałe elementy strefy tytułu i oznaczenia odpowiedzialności E.T.A. Hoffmann ; mit Ill. von Hugo Steiner-Prag und einem Nachw. von Jochem Schmidt.
260 ## - STREFA ADRESU WYDAWNICZEGO
Miejsce wydania Frankfurt :
Nazwa wydawcy/dystrybutora Insel Verl.,
Data publikacji, dystrybucji/powstania dokumentu 1986.
300 ## - STREFA OPISU FIZYCZNEGO
Objętość 120, [1] s. :
Inne cechy fizyczne il. ;
Rozmiary 18 cm.1
490 ## - STREFA SERII I DOKUMENTU WIELOCZĘŚCIOWEGO - FORMA NIE DO WYSZUKIWANIA
Tytuł i oznaczenie odpowiedzialności serii Insel Taschenbuch ;
Numeracja w obrębie serii 410
650 ## - HASŁO PRZEDMIOTOWE W FORMIE NAZWY OGÓLNEJ LUB JEDNOSTKOWEJ
Nazwa ogólna lub geograficzna Proza niemiecka
Określnik chronologiczny 19 w.
650 ## - HASŁO PRZEDMIOTOWE W FORMIE NAZWY OGÓLNEJ LUB JEDNOSTKOWEJ
Nazwa ogólna lub geograficzna Powieść niemiecka
Określnik chronologiczny 19 w.
830 ## - HASŁO DODATKOWE SERII LUB DOKUMENTU WIELOCZĘŚCIOWEGO - TYTUŁ UJEDNOLICONY
Tytuł ujednolicony Insel Taschenbuch ;
856 ## - LOKALIZACJA I DOSTĘP DO ELEKTRONICZNYCH DOKUMENTÓW ZDALNYCH
Link (URL) http://koha.tu.koszalin.pl/cgi-bin/koha/opac-detail.pl?biblionumber=45954
Tekst linku Katalog online BPK
942 ## - DODATKOWE ELEMENTY (KOHA)
Typ dokumentu Książka
Egzemplarze
Wycofany Status egzemplarza Uszkodzony Dostępność Lokalizacja stała Lokalizacja bieżąca Miejsce przechowywania Sygnatura Kod kreskowy Typ dokumentu
      Dostępny Biblioteka Politechniki Koszalińskiej Biblioteka Politechniki Koszalińskiej Wypożyczalnia BG 75347 02256306 Książka
      Dostępny Biblioteka Politechniki Koszalińskiej Biblioteka Politechniki Koszalińskiej Wypożyczalnia BG 75348 02256290 Książka
© 2023 Biblioteka Politechniki Koszalińskiej :: KOHA